Global warming : (Record no. 194134)

MARC details
000 -LEADER
fixed length control field 00836nam a22002057a 4500
005 - DATE AND TIME OF LATEST TRANSACTION
control field 20230213164334.0
010 ## - LCCN (DPL NO)
LC control number B-746856-860 E.N.A./7.11.22
020 ## - INTERNATIONAL STANDARD BOOK NUMBER
International Standard Book Number 9788178441412
Terms of availability 995.00
035 ## - SYSTEM CONTROL NUMBER
System control number B-746856-860
037 ## - SOURCE OF ACQUISITION
Source of stock number/acquisition K.K.Publication
082 ## - DEWEY DECIMAL CLASSIFICATION NUMBER
Classification number 363.73874
100 ## - MAIN ENTRY--PERSONAL NAME
Personal name Hegde, P. D.
245 ## - TITLE STATEMENT
Title Global warming :
Statement of responsibility, etc by P. D. Hegde
Remainder of title effects and remedy /
260 ## - PUBLICATION, DISTRIBUTION, ETC. (IMPRINT)
Place of publication, distribution, etc New Delhi
Name of publisher, distributor, etc K. K. Publications
Date of publication, distribution, etc 2022
270 ## - ADDRESS
Address 4806/24, Bharat Ram Road, Darya Ganj
City New Delhi
Postal code 110002
300 ## - PHYSICAL DESCRIPTION
Extent 280p. :
Dimensions 23cm(Hb)
Other physical details ill.
500 ## - GENERAL NOTE
General note Includes bibliographical references and index
942 ## - ADDED ENTRY ELEMENTS (KOHA)
Source of classification or shelving scheme Dewey Decimal Classification
Item type English Books
Call number suffix HEG
Classification part 363.73874
Holdings
Withdrawn status Lost status Not for loan Collection code Home library Current library Date acquired Source of acquisition Cost, normal purchase price Full call number Barcode Copy number Cost, replacement price Koha item type
      Non-fiction Bawana Bawana 13/02/2023 K.K. Pub./IN251/28.11.22/171/23.11.22/2.12.22 995.00 363.73874 HEG B-746859 1 995.00 English Books
      Non-fiction Central Library Central Library 13/02/2023 K.K. Pub./IN251/28.11.22/171/23.11.22/2.12.22 995.00 363.73874 HEG B-746856 1 995.00 English Books
      Non-fiction Patel Nagar Patel Nagar 13/02/2023 K.K. Pub./IN251/28.11.22/171/23.11.22/2.12.22 995.00 363.73874 HEG B-746857 1 995.00 English Books
      Non-fiction Sarojini Nagar Sarojini Nagar 13/02/2023 K.K. Pub./IN251/28.11.22/171/23.11.22/2.12.22 995.00 363.73874 HEG B-746858 1 995.00 English Books
      Non-fiction Shahdara Branch Shahdara Branch 13/02/2023 K.K. Pub./IN251/28.11.22/171/23.11.22/2.12.22 995.00 363.73874 HEG B-746860 1 995.00 English Books

© Delhi Public Library
Hit Counter
free hit counter